Movies Quiz

Random Movies or Quote Quiz

Hollywood's 100 Favorite Quotes Quiz Stats

 Plays Quiz Updated Aug 1, 2018

Also try: AFI Top 100
Challenge
Share
Tweet
Embed
Score 0/100 Timer 20:00
8 Plays Today
% Correct
Fight Club
95.2%
Jaws
93.5%
E.T. the Extra-Terrestrial
92.2%
The Wizard of Oz
90.3%
Apollo 13
90.1%
The Sixth Sense
89.3%
The Wizard of Oz
89.1%
Star Wars
88.4%
Toy Story
87.8%
The Shining
87%
Good Morning, Vietnam
85.6%
Casablanca
85.1%
The Wizard of Oz
84.3%
The Terminator
83.9%
Forrest Gump
83.7%
The Graduate
83.6%
Snow White and the Seven Dwarfs
83.5%
Casablanca
82.9%
Argo
82.8%
Titanic
82.7%
Terminator 2: Judgment Day
82.7%
The Silence of the Lambs
82%
The Adventures of Sherlock Holmes
81.7%
The Wizard of Oz
81.7%
Casablanca
81.1%
Airplane!
80.7%
A Few Good Men
80.5%
A League of Their Own
80%
The Lord of the Rings: The Two Towers
79.5%
Chinatown
79.2%
Taken
79.2%
Taxi Driver
79.1%
Jerry Maguire
79.1%
Frankenstein
78.2%
% Correct
Planet of the Apes
78%
Field of Dreams
77.8%
Rocky
77.5%
Star Wars
77.5%
The Godfather
77.2%
The Princess Bride
77.1%
The Big Lebowski
77.1%
Gladiator
76.9%
Babe
76.8%
Finding Nemo
76.8%
Apocalypse Now
76.4%
Scarface
76.2%
The Karate Kid
75.9%
Die Hard
75.2%
The Dark Knight
75.1%
Braveheart
73.8%
Who Framed Roger Rabbit?
73.5%
Back to the Future
73.3%
Dead Poets Society
73.3%
It's a Wonderful Life
73.2%
Casablanca
72.8%
Star Wars Episode V: The Empire Strikes Back
72.6%
Dirty Harry
72.4%
The Godfather
72.4%
Jerry Maguire
71.8%
Goldfinger
71.8%
Star Wars Episode VII: The Force Awakens
71.4%
Gone With the Wind
70.9%
When Harry Met Sally
69.1%
Dr. Strangelove or: How I Learned to Stop Worrying and Love the Bomb
67.4%
Casablanca
66.8%
Gone With the Wind
66.6%
Dr. No
66.5%
Pulp Fiction
65.7%
% Correct
Poltergeist
64.9%
King Kong
62.8%
A Streetcar Named Desire
62.8%
Clueless
62.7%
Jerry Maguire
61.8%
Goodfellas
58.2%
When Harry Met Sally
57.5%
This Is Spinal Tap
57.1%
On the Waterfront
55.7%
Love Story
55.6%
Cool Hand Luke
53.4%
The Usual Suspects
53.2%
Brokeback Mountain
52.3%
In the Heat of the Night
52%
Midnight Cowboy
51.5%
Network
51.3%
A Streetcar Named Desire
50.5%
Notting Hill
47.9%
The Help
47.5%
The Godfather, Part II
46.9%
Sunset Boulevard
45.8%
12 Years a Slave
44.5%
Sudden Impact
44.5%
The Jazz Singer
44.2%
The Treasure of the Sierra Madre
43.6%
The Devil Wears Prada
43.2%
There Will Be Blood
39.1%
The Godfather: Part III
38.3%
As Good as It Gets
36%
Some Like It Hot
35.2%
All About Eve
35%
To Have and Have Not
25%

You're not logged in!

Compare scores with friends on all Sporcle quizzes.
Join for Free
OR
Log In

You Might Also Like...

Show Comments

Extras

Top Quizzes Today


Score Distribution

Your Account Isn't Verified!

In order to create a playlist on Sporcle, you need to verify the email address you used during registration. Go to your Sporcle Settings to finish the process.

Report this User

Report this user for behavior that violates our Community Guidelines.

Details: